[Event "FIDE World Bl Team Pool C"]
[Site "Almaty"]
[Date "2024.08.05"]
[Round "7.5"]
[White "Xu, Xiangyu"]
[Black "Kaipbayev, Aday"]
[Result "1-0"]
[WhiteElo "2628"]
[BlackElo "1711"]
[PlyCount "37"]
[EventDate "2024.08.05"]
[EventType "team (blitz)"]
[EventRounds "7"]
[EventCountry "KAZ"]
[SourceTitle "CBM 221 Extra"]
[Source "ChessBase"]
[SourceDate "2024.09.30"]
[SourceVersion "1"]
[SourceVersionDate "2024.09.30"]
[SourceQuality "1"]
[WhiteTeam "Decade China"]
[BlackTeam "Chess Dream"]
[WhiteTeamCountry "CHN"]
[BlackTeamCountry "KAZ"]

1. d4 Nf6 2. c4 g6 3. Nc3 d5 4. Nf3 Bg7 5. h4 h5 6. Bg5 dxc4 7. e3 Bg4 8. Bxc4 0-0 9. Qb3 Bxf3 10. gxf3 Nbd7 11. Rg1 c6 12. Bxf6 Nxf6 13. Rxg6 b5 14. Bd3 Nd5 15. Rg5 Qa5 16. Ke2 Nxc3+ 17. bxc3 Kh8 18. Rxh5+ Kg8 19. Rg1 1-0